| 000 | 00418nam a2200157Ia 4500 | ||
|---|---|---|---|
| 008 | 230711s9999||||xx |||||||||||||| ||und|| | ||
| 041 | _aENG | ||
| 082 |
_a620.106 _bAU-F |
||
| 100 | _aAulakh,GS | ||
| 245 | 0 | _aEagles' simplified approach to fluid mechanics (In SI Units) | |
| 250 | _a1st Ed. | ||
| 260 |
_c2012 _aJalandhar _bEagles Prakashan Regd |
||
| 300 | _a295p. | ||
| 650 | _aMechanical Engineering | ||
| 942 | _cBK | ||
| 999 |
_c7651 _d7651 |
||